Statistics for US Speakers of the House

Click here to take the quiz!

General Stats

  • This quiz has been taken 126 times
    (48 since last reset)
  • The average score is 11 of 54

Answer Stats

Party Served Speaker of the House % Correct
Democratic2007 - 2011Nancy Pelosi
100%
Republican2015 - 2019Paul Ryan
93%
Republican1995 - 1999Newt Gingrich
81%
Republican2011 - 2015John Boehner
79%
Democratic-- Republican1811 - 1814Henry Clay
49%
Democratic1977 - 1987Tip O'Neill
49%
Republican1999 - 2007Dennis Hastert
49%
Democratic1940 - 1947Sam Rayburn
42%
Jacksonian - Democratic1835 - 1839James K. Polk
37%
Democratic1931 - 1933John Nance Garner
35%
Democratic1989 - 1995Tom Foley
30%
Democratic1987 - 1989Jim Wright
30%
Democratic1971 - 1977Carl Albert
28%
Republican1903 - 1911Joseph Gurney Cannon
23%
Republican1863 - 1869Schuyler Colfax
21%
Democratic1963 - 1971John William McCormack
21%
Democratic1843 - 1845John Winston Jones
21%
Republican1889 - 1891Thomas Brackett Reed
19%
Republican1869 - 1875James G. Blaine
19%
Democratic-- Republican1820 - 1821John W. Taylor
16%
Pro-Administration1789 - 1791Frederick Muhlenberg
14%
Jacksonian1827 - 1834Andrew Stevenson
14%
Democratic1845 - 1847John Wesley Davis
14%
Republican1925 - 1931Nicholas Longworth
12%
Republican1947 - 1949Joseph William Martin Jr.
12%
Democratic1911 - 1919Champ Clark
9%
Federalist1795 - 1799Jonathan Dayton
9%
Pro-Administration1791 - 1793Jonathan Trumbull Jr.
9%
Democratic1935 - 1936Joseph W. Byrns Sr.
9%
Republican1899 - 1903David B. Henderson
9%
Democratic-- Republican1801 - 1807Nathaniel Macon
7%
Jacksonian1834 - 1835John Bell
7%
Whig1841 - 1843John White
7%
Democratic1936 - 1940William B. Bankhead
7%
Democratic1933 - 1934Henry Thomas Rainey
7%
Democratic1875 - 1876Michael C. Kerr
7%
Republican1919 - 1925Frederick H. Gillett
7%
Republican1861 - 1863Galusha A. Grow
7%
Democratic1891 - 1895Charles Frederick Crisp
7%
Democratic1849 - 1851Howell Cobb
7%
Democratic1883 - 1889John G. Carlisle
7%
Republican1881 - 1883J. Warren Keifer
7%
Democratic1876 - 1881Samuel J. Randall
7%
American1856 - 1857Nathaniel P. Banks
7%
RepublicanMarch 3-4 1869Theodore M. Pomeroy
7%
Democratic-- Republican1807 - 1811Joseph Bradley Varnum
5%
Federalist1799 - 1801Theodore Sedgwick
5%
Democratic1851 - 1855Linn Boyd
5%
Democratic-- Republican1814 - 1815Langdon Cheves
5%
Democratic-- Republican1821 - 1823Philip Pendleton Barbour
5%
Republican1860 - 1861William Pennington
5%
Whig1839 - 1841Robert M. T. Hunter
5%
Whig1847 - 1849Robert Charles Winthrop
5%
Democratic1857 - 1859James Lawrence Orr
5%

Score Distribution

Percentile by Number Answered

Percent of People with Each Score

Your Score History

You have not taken this quiz since the last reset